000 00643nam a2200181 i 4500
001 115960
003 ES-MaACL
005 20230906190613.0
007 t|
008 061121s1926 sp r ||||1| spa d
100 1 _aOrtiz Picón, Juan Manuel.
_987637
245 1 0 _aSobre el aparato reticular de Golgí en las células glandulares de la próstata /
_cJuan Manuel Ortiz Picón.
260 _aMadrid :
_b[s.n.],
_c1926 (
_fImp. del Ministerio Marina)
300 _a14 p. :
_bil. ;
_c24 cm.
500 _aEs tirada aparte de `Revista Española de Cirugía y Urología`.
650 4 _aAparato de Golgi.
_9159192
852 _aES-MaACL
_j1700-F-9
999 _c115960
_d115960